000 00667nam a2200253Ia 4500
003 OSt
005 20220918163503.0
006 a|||||r|||| 00| 0
007 ta
008 220917b |||||||| |||| 00| 0 eng d
020 _a0048000434
024 _a37,438
037 _cTextual
040 _aARTS
_cARTS
_beng
041 _2eng
_aeng
082 _aO113,2L49,1:g, 111M7
100 _aWilliams J R
_913412
245 0 _aGoethes faust
260 _aLondon
_bAllen and unwin UK
_c1987
300 _axv, 248p.
_ccm.
650 _aENGLISH LITERATURE
942 _hO113,2L49,1:g, 111M7
_cTEXL
_2CC
999 _c119823
_d119823